000 00310nam a2200121Ia 4500
008 190415s9999 xx 000 0 und d
082 _aRE.0012
100 _aProgressive Research Aids Priv
245 0 _aEvaluation of rural sanitation programme in Maharashtra.
260 _c0
300 _av.p.
942 _cBK
999 _c13820
_d13820